[Event "North Island Rapid"]
[Site "Auckland Chess Centre, New Ze"]
[Date "2012.07.15"]
[Round "6.2"]
[White "Hart, Ralph"]
[Black "Steadman, Michael V R"]
[Result "1-0"]
[WhiteElo "2251"]
[BlackElo "2206"]
[PlyCount "55"]
[EventDate "2012.??.??"]

1. e4 c5 2. Nc3 a6 3. f4 b5 4. g3 Bb7 5. Bg2 e6 6. Nh3 Nc6 7. O-O Nge7 8. f5
Nd4 9. fxe6 dxe6 10. d3 e5 11. Be3 b4 12. Na4 Ng6 13. c3 bxc3 14. bxc3 Ne6 15.
Qf3 Qc7 16. Nb6 Rb8 17. Nd5 Bxd5 18. exd5 Nd8 19. Ng5 h6 20. Ne4 Be7 21. Bh3
Bd6 22. Qh5 Ne7 23. Rf6 g6 24. Qf3 Rb6 25. c4 Ng8 26. Rxd6 Rxd6 27. Bxc5 Rb6
28. d6 1-0

[Event "North Island Rapid"]
[Site "Auckland Chess Centre, New Ze"]
[Date "2012.07.15"]
[Round "6.3"]
[White "Gao, Hans"]
[Black "Shen, Daniel"]
[Result "1-0"]
[WhiteElo "2172"]
[BlackElo "2254"]
[PlyCount "68"]
[EventDate "2012.??.??"]

1. e4 e5 2. Nf3 Nc6 3. Bc4 Bc5 4. c3 Nf6 5. d3 d6 6. Bb3 Ne7 7. Nbd2 Ng6 8. O-O
c6 9. Re1 O-O 10. h3 Be6 11. Bc2 h6 12. Nf1 Re8 13. Ng3 Bb6 14. d4 Qc7 15. Be3
Rad8 16. Qe2 Bc8 17. Rad1 d5 18. Nxe5 Nxe4 19. Nxe4 dxe4 20. Nxg6 fxg6 21. Qd2
g5 22. Qe2 Qd6 23. Qh5 Bc7 24. g3 Qf6 25. Rd2 Bf5 26. Kg2 Bg6 27. Qg4 Bf5 28.
Qh5 Bg6 29. Qg4 Bf5 30. Qe2 Rf8 31. Bb3+ Kh7 32. d5 cxd5 33. Qb5 b6 34. Bxd5
Bd7 1-0

[Event "North Island Rapid"]
[Site "Auckland Chess Centre, New Ze"]
[Date "2012.07.15"]
[Round "6.4"]
[White "Li, Luke (Zuhao)"]
[Black "Stuart, Peter W"]
[Result "1-0"]
[WhiteElo "2103"]
[BlackElo "2077"]
[PlyCount "113"]
[EventDate "2012.??.??"]

1. d4 Nf6 2. c4 e6 3. Nc3 Bb4 4. f3 d5 5. a3 Bxc3+ 6. bxc3 c5 7. cxd5 Nxd5 8.
dxc5 Qa5 9. e4 Ne7 10. Be3 O-O 11. Qb3 Qc7 12. Bb5 Nec6 13. f4 Na5 14. Qb4 a6
15. Be2 Nd7 16. Nf3 Nc6 17. Qb3 Na5 18. Qb4 Nc6 19. Qa4 Na5 20. Rb1 Nxc5 21.
Qb4 b6 22. O-O Bd7 23. Ne5 Rfb8 24. Nxd7 Nc6 25. Qxb6 Rxb6 26. Nxb6 Rd8 27.
Bxc5 Rd2 28. Bxa6 Nb8 29. Be3 Ra2 30. Bd3 h6 31. e5 Rxa3 32. Rfc1 Rxc3 33. Be4
g6 34. Rxc3 Qxc3 35. Bf2 Nc6 36. Bxc6 Qxc6 37. g3 Qc2 38. Re1 Qc6 39. h3 h5 40.
Ra1 Kg7 41. Rd1 h4 42. gxh4 Qf3 43. Rd4 Qxh3 44. Nd7 Qg4+ 45. Kf1 Qh3+ 46. Ke2
Qg4+ 47. Ke1 Qf5 48. Nf6 Qb1+ 49. Ke2 Qb5+ 50. Kf3 Qb3+ 51. Kg2 Qb7+ 52. Kh2
Qb6 53. h5 gxh5 54. Nxh5+ Kg6 55. Ng3 Qc5 56. f5+ exf5 57. Rd6+ 1-0

[Event "North Island Rapid"]
[Site "Auckland Chess Centre, New Ze"]
[Date "2012.07.15"]
[Round "6.5"]
[White "Zhang, William Jiewen "]
[Black "Yao, Winton Yow-Jen"]
[Result "1/2-1/2"]
[WhiteElo "1905"]
[BlackElo "1666"]
[PlyCount "104"]
[EventDate "2012.??.??"]

1. d4 Nf6 2. c4 e6 3. Nc3 Bb4 4. e3 O-O 5. Bd3 d5 6. Nge2 b6 7. O-O Ba6 8. cxd5
Bxd3 9. Qxd3 Nxd5 10. a3 Bxc3 11. bxc3 Nf6 12. e4 Nc6 13. f4 Na5 14. e5 Nd5 15.
f5 Nb3 16. Rb1 Nxc1 17. Rbxc1 exf5 18. Rxf5 Ne7 19. Rf3 Ng6 20. Nf4 Nxf4 21.
Rxf4 Qg5 22. Rcf1 Qg6 23. Qc4 Rac8 24. h3 Qe6 25. Qe2 a5 26. Rg4 Rce8 27. Qd2
Kh8 28. Qg5 Qg6 29. Qxg6 hxg6 30. Rgf4 Kg8 31. g4 Re6 32. R1f3 Ree8 33. Kf2 Re6
34. g5 Re7 35. Re3 Re6 36. d5 Re7 37. c4 Rfe8 38. Rfe4 f6 39. gxf6 gxf6 40. e6
Kg7 41. a4 Rd8 42. Rd4 Kh6 43. Rdd3 f5 44. Kg3 Kg5 45. h4+ Kf6 46. Kf4 Rh8 47.
Rh3 Rd8 48. Rde3 Rh8 49. Rd3 Rd8 50. Ke3 Ke5 51. Rd4 Rxe6 52. Kd3 Ree8 1/2-1/2